[Event "Tournoi fermé Condom 2017"]
[Site "?"]
[Date "2017.07.08"]
[Round "1"]
[White "IWANESKO, Alexandre"]
[Black "LEMEAUX, David"]
[Result "1/2-1/2"]
[WhiteElo "2232"]
[BlackElo "2344"]
[PlyCount "61"]
[SourceDate "2017.07.09"]
[SourceVersionDate "2017.07.09"]

1. e4 c5 2. Nf3 Nc6 3. d4 cxd4 4. Nxd4 g6 5. Nc3 Bg7 6. Be3 Nf6 7. h4 O-O 8. h5
d5 9. hxg6 hxg6 10. Nxc6 bxc6 11. exd5 Nxd5 12. Nxd5 cxd5 13. Qd2 Bxb2 14. Qb4
Bg7 15. Qh4 f5 16. Bd4 Kf7 17. Bxg7 Kxg7 18. Qd4+ e5 19. Qxe5+ Qf6 20. Qxf6+
Kxf6 21. O-O-O Be6 22. Bd3 Rab8 23. Rh7 Bf7 24. g4 fxg4 25. Rg1 Rb4 26. Be2 Rf4
27. Rxg4 Rxf2 28. Bd3 Re8 29. Rxf7+ Kxf7 30. Bxg6+ Kf8 31. Rg1 1/2-1/2

[Event "Tournoi fermé Condom 2017"]
[Site "?"]
[Date "2017.07.08"]
[Round "1"]
[White "LAURENT-PAOLI , Pierre"]
[Black "BRIH, Said"]
[Result "1-0"]
[WhiteElo "2290"]
[BlackElo "2316"]
[PlyCount "106"]
[SourceDate "2017.07.09"]
[SourceVersionDate "2017.07.09"]

1. Nf3 Nf6 2. g3 d5 3. Bg2 c6 4. O-O g6 5. b3 Bg7 6. Bb2 O-O 7. c4 dxc4 8. bxc4
Na6 9. d3 Qa5 10. Nbd2 Re8 11. Be5 Nd7 12. Bxg7 Kxg7 13. Qc2 Nf6 14. d4 Qh5 15.
Rab1 Rb8 16. e4 Bh3 17. e5 Ng4 18. Rfe1 Nc7 19. Ne4 f6 20. exf6+ exf6 21. Nd6
Re6 22. Rxe6 Nxe6 23. Qe4 Bxg2 24. Kxg2 Ng5 25. Qe7+ Kg8 26. Nh4 Qh6 27. Rxb7
Qf8 28. Rxb8 Qxb8 29. Ne8 Nf7 30. Nxf6+ Nxf6 31. Qxf6 Qd6 32. Qf3 Qxd4 33. Qxc6
Ne5 34. Qe6+ Kg7 35. Nf3 Nxf3 36. Kxf3 Qc5 37. Kg2 a5 38. h4 h5 39. Qd7+ Kf6
40. Qb5 Qc7 41. c5 Ke5 42. Qb6 Qf7 43. Qxa5 Qd5+ 44. Kh2 Kf5 45. Qb4 Qxa2 46.
Qd4 Qc2 47. Qd5+ Kf6 48. Kg2 Kg7 49. c6 Kh6 50. Qg5+ Kg7 51. Qe7+ Kh6 52. c7
Qc6+ 53. Kh2 Qe8 1-0

[Event "Tournoi fermé Condom 2017"]
[Site "?"]
[Date "2017.07.08"]
[Round "1"]
[White "BISSIERES , Matthieu"]
[Black "LACROIX, Romain"]
[Result "1-0"]
[WhiteElo "2367"]
[BlackElo "2248"]
[Annotator "Lenovo"]
[PlyCount "79"]
[SourceDate "2017.07.09"]
[SourceVersionDate "2017.07.09"]

1. e4 d6 2. d4 Nf6 3. Nc3 e5 4. Nf3 Nbd7 5. Bc4 Be7 6. O-O Nb6 7. Be2 exd4 8.
Nxd4 c6 9. f4 d5 10. e5 Ne4 11. Bd3 Nxc3 12. bxc3 c5 13. Nf5 c4 14. Nxe7 Qxe7
15. Be2 Bf5 16. a4 Qc5+ 17. Kh1 a5 18. Bg4 Be4 19. Qe2 Qc6 20. f5 Nxa4 21. f6
g6 22. e6 h5 $11 23. Bh3 Nc5 24. e7 Ne6 25. Rb1 b5 26. Qf2 Rb8 27. Ba3 Rb6 28.
Qd2 h4 29. Rf2 Rh5 30. Bg4 Rh7 31. h3 Nc5 32. Qe3 Nd7 33. Qd4 Qc7 34. Re1 b4
35. Bxd7+ Kxd7 36. Rxe4 Ke8 37. Bc1 dxe4 38. Bf4 Rd6 39. Bxd6 Qd7 40. Qxe4 1-0

[Event "Tournoi fermé Condom 2017"]
[Site "?"]
[Date "2017.07.08"]
[Round "1"]
[White "DEL REY, Diego"]
[Black "BOGDANOV, Egor"]
[Result "1/2-1/2"]
[WhiteElo "2349"]
[BlackElo "2292"]
[PlyCount "59"]
[SourceDate "2017.07.09"]
[SourceVersionDate "2017.07.09"]

1. e4 c5 2. Nf3 g6 3. c3 Bg7 4. d4 cxd4 5. cxd4 Nf6 6. Nc3 O-O 7. Bd3 d6 8. h3
Nfd7 9. O-O Nc6 10. Be3 e5 11. Be2 Nxd4 12. Nxd4 exd4 13. Bxd4 Ne5 14. f4 Nc6
15. Bxg7 Kxg7 16. Qd2 Qa5 17. f5 f6 18. Rf2 gxf5 19. Qxd6 Qe5 20. Rd1 fxe4 21.
Qxe5 fxe5 22. Rxf8 Kxf8 23. Bc4 Kg7 24. Rf1 Nd8 25. Nxe4 Be6 26. Bxe6 Nxe6 27.
Rf5 Rc8 28. Rxe5 Nf4 29. Rf5 Ng6 30. g4 1/2-1/2

[Event "Tournoi fermé Condom 2017"]
[Site "?"]
[Date "2017.07.09"]
[Round "2"]
[White "LEMEAUX, David"]
[Black "GRISHCHENKO, Sergey"]
[Result "1/2-1/2"]
[WhiteElo "2344"]
[BlackElo "2439"]
[PlyCount "137"]
[SourceDate "2017.07.09"]
[SourceVersionDate "2017.07.09"]

1. d4 d5 2. c4 dxc4 3. Nf3 Nf6 4. e3 e6 5. Bxc4 a6 6. O-O c5 7. Bb3 Nc6 8. Nc3
b5 9. a4 b4 10. Ne2 Bb7 11. Nf4 Na5 12. Ba2 Bd6 13. dxc5 Bxc5 14. Bd2 Bd6 15.
Nd3 Nc6 16. Qe2 Ne4 17. Rfd1 Qf6 18. Rac1 O-O 19. Be1 a5 20. Bc4 Rad8 21. Nd2
Nxd2 22. Rxd2 Ne5 23. Nxe5 Bxe5 24. b3 Rxd2 25. Bxd2 Rd8 26. Be1 Qg6 27. f3 Qh6
28. Bg3 Bd4 29. Bf2 Bb6 30. Rd1 Qf6 31. Rxd8+ Qxd8 32. e4 Kf8 33. Qd3 Bxf2+ 34.
Kxf2 Qxd3 35. Bxd3 e5 36. Bc4 Ke7 37. Ke3 f6 38. h4 g5 39. h5 h6 40. g4 Kd6 41.
Kd3 Bc8 42. Ke3 Bd7 43. Bf7 Bc6 44. Bg8 Bb7 45. Bc4 Kc5 46. Bb5 Bc8 47. Bc4 Bd7
48. Bf7 Bc6 49. Bg8 Be8 50. Be6 Kd6 51. Bc4 Bd7 52. Kd2 Bc6 53. Ke3 Bd7 54. Bf7
Bc8 55. Bc4 Kc5 56. Bg8 Ba6 57. Bf7 Kd6 58. Bg8 Bb7 59. Bc4 Bc6 60. Bf7 Bb7 61.
Bc4 Ke7 62. Bg8 Ba6 63. Bd5 Bf1 64. Bg8 Kd6 65. Bf7 Ba6 66. Bg8 Bb7 67. Bc4 Ke7
68. Bg8 Bc6 69. Bc4 1/2-1/2

[Event "Tournoi fermé Condom 2017"]
[Site "?"]
[Date "2017.07.09"]
[Round "2"]
[White "BRIH, Said"]
[Black "BISSIERES, Matthieu"]
[Result "0-1"]
[WhiteElo "2316"]
[BlackElo "2367"]
[PlyCount "108"]
[SourceDate "2017.07.09"]
[SourceVersionDate "2017.07.09"]

1. Nf3 Nf6 2. g3 g6 3. b3 Bg7 4. Bb2 b6 5. Bg2 Bb7 6. O-O O-O 7. d3 c5 8. c4 d6
9. Nbd2 Qc7 10. e3 Nbd7 11. a3 Rad8 12. Ra2 Ne5 13. Qc2 Nxf3+ 14. Nxf3 Qc8 15.
e4 Qa8 16. b4 e6 17. Re1 Rfe8 18. Raa1 Re7 19. b5 Ree8 20. a4 d5 21. cxd5 exd5
22. e5 Nd7 23. d4 cxd4 24. Bxd4 Qb8 25. Qb2 Bh6 26. a5 Nc5 27. axb6 axb6 28.
Qa3 Qc7 29. Qc3 Bc8 30. Ra2 Bd7 31. Bf1 Ra8 32. Rea1 Rxa2 33. Rxa2 Bf5 34. Nd2
Qe7 35. Nb3 Rc8 36. Qb4 Bf8 37. Ra1 Bc2 38. Nd2 Qe6 39. Qb2 Bf5 40. Qa2 Nd7 41.
Nf3 h6 42. Bg2 Be4 43. Qb3 Kh7 44. Re1 Rc4 45. Bb2 Bc5 46. Bc3 Qf5 47. Rxe4
Rxc3 48. Qxc3 dxe4 49. Nd4 Qxe5 50. Ne2 Qd5 51. Qc2 f5 52. Nc3 Qd4 53. Na4 Ne5
54. Nxc5 Qa1+ 0-1

[Event "Tournoi fermé Condom 2017"]
[Site "?"]
[Date "2017.07.09"]
[Round "2"]
[White "BOGDANOV, Egor"]
[Black "KUKOV, Velislav"]
[Result "1/2-1/2"]
[WhiteElo "2292"]
[BlackElo "2386"]
[PlyCount "37"]
[SourceDate "2017.07.09"]
[SourceVersionDate "2017.07.09"]

1. e4 c6 2. d4 d5 3. exd5 cxd5 4. c4 Nf6 5. Nc3 Nc6 6. Nf3 Be6 7. c5 g6 8. Bb5
Bg7 9. Ne5 Bd7 10. O-O Nxe5 11. dxe5 Ne4 12. Bxd7+ Qxd7 13. Nxe4 dxe4 14. Qc2
Bxe5 15. Qxe4 Qc7 16. Bh6 O-O-O 17. Rfe1 Bf6 18. Rad1 Rxd1 19. Rxd1 1/2-1/2

[Event "Tournoi fermé Condom 2017"]
[Site "?"]
[Date "2017.07.09"]
[Round "2"]
[White "LACROIX, Romain"]
[Black "IWANESKO, Alexandre"]
[Result "1/2-1/2"]
[WhiteElo "2248"]
[BlackElo "2232"]
[PlyCount "70"]
[SourceDate "2017.07.09"]
[SourceVersionDate "2017.07.09"]

1. d4 Nf6 2. Nf3 g6 3. Bf4 Bg7 4. e3 d6 5. h3 O-O 6. Be2 Nbd7 7. O-O Ne4 8.
Nbd2 Nxd2 9. Qxd2 e5 10. Bh2 Qe7 11. Rfd1 Re8 12. Bf1 e4 13. Ne1 Nf8 14. c4 h5
15. Rac1 h4 16. c5 d5 17. c6 b6 18. Nc2 Nh7 19. Qb4 Qd8 20. Qb3 Be6 21. a4 Bf8
22. Nb4 a5 23. Na2 Bd6 24. Bxd6 Qxd6 25. Nc3 Ng5 26. Nb5 Qd8 27. Be2 Rc8 28.
Kf1 Qf6 29. Ke1 Kg7 30. Na7 Rb8 31. Nb5 Rbc8 32. Na7 Ra8 33. Nb5 Rac8 34. Na7
Ra8 35. Nb5 Rac8 1/2-1/2

[Event "Tournoi fermé Condom 2017"]
[Site "?"]
[Date "2017.07.10"]
[Round "3"]
[White "KUKOV, Velislav"]
[Black "LEMEAUX, David"]
[Result "1/2-1/2"]
[WhiteElo "2386"]
[BlackElo "2344"]
[PlyCount "59"]
[SourceDate "2017.07.10"]
[SourceVersionDate "2017.07.10"]

1. Nf3 d5 2. g3 Nf6 3. Bg2 e6 4. O-O Be7 5. c4 O-O 6. d4 dxc4 7. Qa4 a6 8. Qxc4
b5 9. Qc2 Bb7 10. Bd2 Be4 11. Qc1 Nbd7 12. Ba5 Rc8 13. Nbd2 Bb7 14. Nb3 Qe8 15.
Qd1 c5 16. dxc5 Nxc5 17. Nxc5 Bxc5 18. a3 Qe7 19. Ne5 Bxg2 20. Kxg2 Qb7+ 21.
Nf3 Ng4 22. Qb3 e5 23. h3 Nf6 24. Rac1 Rfe8 25. Rc2 e4 26. Nh4 Ba7 27. Rfc1 Bb8
28. Nf5 Rxc2 29. Qxc2 Be5 30. Ne3 1/2-1/2

[Event "Tournoi fermé Condom 2017"]
[Site "?"]
[Date "2017.07.10"]
[Round "3"]
[White "LAURENT-PAOLI, Pierre"]
[Black "BOGDANOV, Egor"]
[Result "0-1"]
[WhiteElo "2290"]
[BlackElo "2292"]
[PlyCount "52"]
[SourceDate "2017.07.10"]
[SourceVersionDate "2017.07.10"]

1. e4 c5 2. Nf3 d6 3. d4 cxd4 4. Nxd4 Nf6 5. Nc3 g6 6. Be3 Bg7 7. f3 O-O 8. Qd2
Nc6 9. Bc4 Bd7 10. O-O-O Rb8 11. Bb3 Na5 12. h4 b5 13. h5 Nc4 14. Bxc4 bxc4 15.
hxg6 fxg6 16. Bh6 Qb6 17. b3 cxb3 18. axb3 Bxh6 19. Qxh6 Qc5 20. Nd5 Rf7 21.
Nxf6+ exf6 22. Rd3 a5 23. Qe3 a4 24. bxa4 Bxa4 25. Rc3 Qe5 26. Rd1 Rfb7 0-1

[Event "Tournoi fermé Condom 2017"]
[Site "?"]
[Date "2017.07.10"]
[Round "4"]
[White "BOGDANOV, Egor"]
[Black "LEMEAUX, David"]
[Result "1/2-1/2"]
[WhiteElo "2292"]
[BlackElo "2344"]
[PlyCount "96"]
[SourceDate "2017.07.11"]
[SourceVersionDate "2017.07.11"]

1. e4 c5 2. Nf3 Nc6 3. d4 cxd4 4. Nxd4 e5 5. Nb5 d6 6. N1c3 a6 7. Na3 Be7 8.
Be2 b5 9. Nd5 Nf6 10. Be3 Nxd5 11. exd5 Nd4 12. Bxd4 exd4 13. Qxd4 O-O 14. c3
Bf5 15. O-O Bf6 16. Qd2 Rb8 17. Nc2 Bxc2 18. Qxc2 b4 19. Bxa6 bxc3 20. bxc3 Qa5
21. Bc4 Bxc3 22. Rab1 Bd4 23. Qe4 Qc5 24. Bb3 Rfe8 25. Ba4 Rf8 26. Bc6 Rxb1 27.
Qxb1 Qa7 28. a4 Rb8 29. Bb5 Rb7 30. Qc2 g6 31. Re1 Re7 32. Rxe7 Qxe7 33. g3
Qe1+ 34. Kg2 Bc3 35. Qd3 Kg7 36. Qe3 Qxe3 37. fxe3 f5 38. Kf3 Kf6 39. Bd7 Ke5
40. Be6 Ba5 41. Ke2 h6 42. Kd3 Bb6 43. h4 Bd8 44. Kc4 Bb6 45. Kb5 Bxe3 46. a5
g5 47. Kc6 Bc5 48. hxg5 hxg5 1/2-1/2

[Event "Tournoi fermé Condom 2017"]
[Site "?"]
[Date "2017.07.10"]
[Round "4"]
[White "DEL REY, Diego"]
[Black "IWANESKO, Alexandre"]
[Result "1/2-1/2"]
[WhiteElo "2349"]
[BlackElo "2232"]
[PlyCount "25"]
[SourceDate "2017.07.11"]
[SourceVersionDate "2017.07.11"]

1. e4 c5 2. Nf3 e6 3. g3 Nf6 4. d3 d5 5. Nbd2 Nc6 6. Bg2 Be7 7. O-O O-O 8. Re1
Qc7 9. c3 b6 10. Qc2 Bb7 11. exd5 Nxd5 12. d4 Rfd8 13. Nc4 1/2-1/2

[Event "Tournoi fermé Condom 2017"]
[Site "?"]
[Date "2017.07.11"]
[Round "5"]
[White "KUKOV, Velislav"]
[Black "BRIH, Said"]
[Result "1/2-1/2"]
[WhiteElo "2386"]
[BlackElo "2316"]
[PlyCount "110"]
[EventDate "2017.??.??"]
[SourceDate "2017.07.12"]
[SourceVersionDate "2017.07.12"]

1. Nf3 d5 2. g3 Bf5 3. Bg2 e6 4. O-O Nf6 5. d3 Be7 6. Nh4 Bg4 7. h3 Bh5 8. f4
Bc5+ 9. Kh1 Nc6 10. c3 a5 11. Qe1 Nd7 12. Nd2 Be7 13. Nhf3 f6 14. e4 dxe4 15.
Nxe4 Bf7 16. d4 O-O 17. Be3 h6 18. Qe2 f5 19. Nf2 Nb6 20. Nd3 Kh7 21. Bf2 Qc8
22. Nfe5 Nxe5 23. Nxe5 Be8 24. Rae1 c5 25. dxc5 Bxc5 26. Bxc5 Qxc5 27. Rd1 Bb5
28. Qf2 Qc7 29. Rfe1 Rad8 30. b3 Nd7 31. Nxd7 Rxd7 32. Rxd7 Bxd7 33. Qd4 g5 34.
Qe5 Qxe5 35. Rxe5 gxf4 36. gxf4 b6 37. Kg1 Kg7 38. Kf2 Kf6 39. Bf1 Rc8 40. c4
Rc5 41. Re3 e5 42. Rd3 Ke7 43. fxe5 Rxe5 44. Bg2 b5 45. cxb5 Bxb5 46. Re3 Kf6
47. Rxe5 Kxe5 48. a3 Kd4 49. b4 axb4 50. axb4 Kc3 51. Ke3 Kxb4 52. Kf4 Bd7 53.
h4 Kc5 54. Bh3 Kd6 55. Bxf5 Bb5 1/2-1/2

[Event "Festival fermé Condom 2017"]
[Site "?"]
[Date "2017.07.11"]
[Round "5"]
[White "GRISHCHENKO, Sergey"]
[Black "DEL REY, Diego"]
[Result "1-0"]
[WhiteElo "2439"]
[BlackElo "2349"]
[PlyCount "73"]
[EventDate "2017.??.??"]
[SourceDate "2017.07.12"]
[SourceVersionDate "2017.07.12"]

1. d4 d6 2. c4 e5 3. Nf3 e4 4. Ng1 f5 5. Nc3 c6 6. Nh3 Be7 7. f3 Nf6 8. Bg5 O-O
9. e3 exf3 10. Qxf3 Ng4 11. Bxe7 Qxe7 12. Kd2 Na6 13. a3 Bd7 14. Bd3 Rae8 15.
Rae1 Qf6 16. Nf2 Nh6 17. g3 Nc7 18. h4 Re7 19. Qf4 Be8 20. g4 fxg4 21. Nxg4
Nxg4 22. Qxg4 Bd7 23. Qh5 g6 24. Qh6 Qg7 25. Qg5 Bf5 26. h5 Bxd3 27. Kxd3 Rf5
28. Qg4 d5 29. cxd5 cxd5 30. Reg1 Re6 31. hxg6 hxg6 32. Ne2 Rb6 33. Nf4 Qd7 34.
Kc2 Qb5 35. Qxf5 Qxb2+ 36. Kd1 Qa1+ 37. Ke2 1-0

[Event "Festival fermé Condom 2017"]
[Site "?"]
[Date "2017.07.12"]
[Round "6"]
[White "DEL REY, Diego"]
[Black "KUKOV, Velislav"]
[Result "1/2-1/2"]
[WhiteElo "2349"]
[BlackElo "2386"]
[PlyCount "47"]
[EventDate "2017.??.??"]
[SourceDate "2017.07.12"]
[SourceVersionDate "2017.07.12"]

1. d4 d5 2. c4 c6 3. Nf3 Nf6 4. e3 g6 5. Nc3 Bg7 6. h3 O-O 7. Bd3 a6 8. O-O b5
9. b3 Nbd7 10. cxd5 cxd5 11. Bd2 Bb7 12. a4 b4 13. Ne2 a5 14. Rc1 Qb6 15. Qc2
Rfc8 16. Qb1 Ba6 17. Rxc8+ Rxc8 18. Rc1 Rxc1+ 19. Bxc1 Ne4 20. Bxa6 Qxa6 21.
Qc2 Qb7 22. Bb2 Nd6 23. Nf4 e6 24. Nd3 1/2-1/2

[Event "Festival fermé Condom 2017"]
[Site "?"]
[Date "2017.07.12"]
[Round "6"]
[White "BISSIERES, Matthieu"]
[Black "IWANESKO, Alexandre"]
[Result "1/2-1/2"]
[WhiteElo "2367"]
[BlackElo "2232"]
[PlyCount "51"]
[EventDate "2017.??.??"]
[SourceDate "2017.07.12"]
[SourceVersionDate "2017.07.12"]

1. e4 c5 2. Nf3 e6 3. g3 Nc6 4. Bg2 Nf6 5. Qe2 Be7 6. e5 Nd5 7. O-O O-O 8. b3
d6 9. exd6 Bf6 10. c3 Qxd6 11. Na3 Rd8 12. Bb2 b6 13. d4 cxd4 14. cxd4 Bb7 15.
Nc4 Qc7 16. Rac1 Rac8 17. Rfd1 Qb8 18. Nfe5 Nxe5 19. dxe5 Bg5 20. Ra1 Be7 21.
Qg4 Bf8 22. h4 Rc7 23. Nd6 Ne3 24. fxe3 Bxg2 25. Kxg2 Rc2+ 26. Kh3 1/2-1/2

[Event "Festival fermé Condom 2017"]
[Site "?"]
[Date "2017.07.12"]
[Round "6"]
[White "BRIH, Said"]
[Black "LEMEAUX, David"]
[Result "1/2-1/2"]
[WhiteElo "2316"]
[BlackElo "2344"]
[PlyCount "61"]
[EventDate "2017.??.??"]
[SourceDate "2017.07.12"]
[SourceVersionDate "2017.07.12"]

1. e4 c5 2. b3 Nf6 3. e5 Nd5 4. Bb2 g6 5. g3 Bg7 6. Bg2 Nc7 7. Nf3 Nc6 8. Qc1
O-O 9. O-O b6 10. Re1 d5 11. exd6 Qxd6 12. Nc3 f6 13. a4 Bb7 14. Nb5 Nxb5 15.
axb5 Nb4 16. d4 cxd4 17. Qd2 a5 18. bxa6 Rxa6 19. Rxa6 Nxa6 20. Qxd4 Qc7 21.
Nd2 e5 22. Qc4+ Qxc4 23. Nxc4 Bxg2 24. Kxg2 Rc8 25. Ra1 b5 26. Rxa6 bxc4 27.
bxc4 Rxc4 28. Ra8+ Kf7 29. Ra7+ Kg8 30. Ra8+ Kf7 31. Ra7+ 1/2-1/2

[Event "Festival fermé Condom 2017"]
[Site "?"]
[Date "2017.07.11"]
[Round "5"]
[White "IWANESKO, Alexandre"]
[Black "LAURENT-PAOLI, Pierre"]
[Result "1/2-1/2"]
[WhiteElo "2232"]
[BlackElo "2290"]
[PlyCount "125"]
[EventDate "2017.??.??"]
[SourceDate "2017.07.13"]
[SourceVersionDate "2017.07.13"]

1. e4 Nc6 2. Nf3 d6 3. d4 Nf6 4. Nc3 g6 5. Bg5 Bg7 6. Qd2 h6 7. Bh4 O-O 8.
O-O-O a6 9. e5 dxe5 10. d5 Nd4 11. Nxd4 exd4 12. Qxd4 e6 13. Qc5 b6 14. Qc4 b5
15. Qc5 Qd6 16. Qxd6 cxd6 17. dxe6 Bxe6 18. Rxd6 Rfc8 19. Be2 g5 20. Bg3 b4 21.
Na4 b3 22. axb3 Bxb3 23. Nc3 Ne4 24. cxb3 Bxc3 25. bxc3 Rxc3+ 26. Kb2 Rxg3 27.
hxg3 Nxd6 28. Rxh6 Ne4 29. Bf3 Re8 30. Rxa6 Nxf2 31. b4 Rb8 32. Kc3 Kf8 33. Ra2
Nh1 34. g4 Ng3 35. Ra5 f6 36. b5 Ke7 37. Kb4 f5 38. Ra7+ Kd6 39. Rg7 fxg4 40.
Bxg4 Ne4 41. Bf3 Nd2 42. Rg6+ Kc7 43. Rg7+ Kd6 44. Rg6+ Kc7 45. Bc6 Kb6 46.
Rxg5 Rf8 47. Rg7 Rf4+ 48. Kc3 Ne4+ 49. Kd4 Nc5+ 50. Ke3 Rf1 51. g4 Re1+ 52. Kf3
Nd3 53. Rb7+ Kc5 54. Rb8 Rg1 55. Re8 Kd4 56. Rd8+ Kc4 57. Re8 Kd4 58. Re4+ Kc5
59. Ke2 Rg3 60. Re3 Nc1+ 61. Kd2 Nb3+ 62. Kd3 Rxg4 63. Re5+ 1/2-1/2

[Event "Festival fermé Condom 2017"]
[Site "?"]
[Date "2017.07.13"]
[Round "7"]
[White "IWANESKO, Alexandre"]
[Black "BOGDANOV, Egor"]
[Result "1/2-1/2"]
[WhiteElo "2232"]
[BlackElo "2292"]
[PlyCount "23"]
[EventDate "2017.??.??"]
[SourceDate "2017.07.13"]
[SourceVersionDate "2017.07.13"]

1. Nf3 Nf6 2. c4 g6 3. g3 Bg7 4. Bg2 O-O 5. O-O d6 6. Nc3 Nc6 7. Rb1 Bf5 8. d3
Qc8 9. b4 Bh3 10. b5 Bxg2 11. Kxg2 Nd8 12. Bd2 1/2-1/2

[Event "Festival fermé Condom 2017"]
[Site "?"]
[Date "2017.07.13"]
[Round "7"]
[White "LACROIX, Romain"]
[Black "BRIH, Said"]
[Result "1-0"]
[WhiteElo "2248"]
[BlackElo "2316"]
[PlyCount "157"]
[EventDate "2017.??.??"]
[SourceDate "2017.07.13"]
[SourceVersionDate "2017.07.13"]

1. d4 c5 2. d5 e6 3. e4 Nf6 4. Nc3 d6 5. Nf3 exd5 6. Nxd5 Nxd5 7. Qxd5 Be7 8.
Bc4 O-O 9. O-O Nc6 10. h3 Na5 11. Be2 Be6 12. Qh5 g6 13. Qh6 f6 14. b3 Nc6 15.
Bb2 Ne5 16. Rad1 Qc8 17. Qe3 g5 18. Nd2 Ng6 19. Bc4 Nf4 20. Qf3 Rf7 21. Bxe6
Qxe6 22. Nc4 Bf8 23. Rfe1 Re8 24. Qg4 b5 25. Qxe6 Rxe6 26. Nd2 h5 27. Nf1 Rfe7
28. Ne3 Re8 29. f3 Rc8 30. Nd5 Kf7 31. Nxf4 gxf4 32. Rd5 Kg6 33. Red1 Rc6 34.
Rf5 Bh6 35. Rfd5 b4 36. Kf1 Bg7 37. Ke2 Ra6 38. Ra1 Re8 39. a4 Rc8 40. Rad1
Rcc6 41. Bc1 Bh6 42. Bd2 Rab6 43. Kd3 Rb8 44. Kc4 Re8 45. Bc1 Re6 46. Rf5 Re5
47. Rd5 Rc8 48. Bb2 Re6 49. Bc1 Re5 50. Rxd6 Rxf5 51. exf5+ Kxf5 52. Bb2 Bg5
53. Rd5+ Ke6 54. Rxc5 Rd8 55. Bd4 Bh4 56. Rxh5 Be1 57. Ra5 Rg8 58. Ra6+ Ke7 59.
Rxa7+ Ke6 60. Ra6+ Ke7 61. Ra7+ Ke6 62. Ra6+ Ke7 63. Ra7+ Ke6 64. Bc5 Bd2 65.
Re7+ Kf5 66. Re2 Be3 67. g4+ fxg3 68. Bxe3 Re8 69. Kxb4 g2 70. Rxg2 Rxe3 71. a5
Kf4 72. a6 Re6 73. Kb5 Re5+ 74. Kb4 Kxf3 75. a7 Re8 76. Rg7 f5 77. Kc5 f4 78.
Kb6 Ke2 79. Rb7 1-0

[Event "Festival fermé Condom 2017"]
[Site "?"]
[Date "2017.07.13"]
[Round "7"]
[White "LEMEAUX, David"]
[Black "DEL REY, Diego"]
[Result "0-1"]
[WhiteElo "2344"]
[BlackElo "2349"]
[PlyCount "132"]
[EventDate "2017.??.??"]
[SourceDate "2017.07.13"]
[SourceVersionDate "2017.07.13"]

1. d4 d6 2. Nf3 Nf6 3. g3 g6 4. Bg2 Bg7 5. O-O O-O 6. c4 c6 7. Nc3 Nbd7 8. e4
e5 9. h3 exd4 10. Nxd4 Qb6 11. Nc2 Ne8 12. Bd2 a5 13. b3 Nc5 14. Qe1 f5 15. Rd1
fxe4 16. Nxe4 Nxe4 17. Qxe4 Bf5 18. Qe3 Qc5 19. Qxc5 dxc5 20. Ne3 Be6 21. a4
Nc7 22. Kh2 g5 23. Be4 Kh8 24. Kg2 Ne8 25. Nc2 Nd6 26. Bd3 h6 27. g4 b5 28. Ne3
Bd4 29. Rb1 Rfb8 30. axb5 cxb5 31. cxb5 Nxb5 32. Bc4 Nc7 33. Bxe6 Nxe6 34. Nf5
Rb6 35. Rfc1 Rab8 36. Nxd4 cxd4 37. Re1 a4 38. b4 Nc5 39. Re7 Nb3 40. Bc1 Rxb4
41. Bb2 Kg8 42. Rbe1 R4b7 43. R7e5 Rd7 44. Rd1 Rc8 45. Re4 Rc2 46. Bxd4 Rd2 47.
Rde1 Nxd4 48. Re8+ Kg7 49. Ra8 Rf7 50. Rf1 Ra2 51. h4 a3 52. hxg5 hxg5 53. Ra5
Kg6 54. Kg3 Rf3+ 55. Kg2 Rf6 56. Kg3 Nc2 57. Rd1 Nb4 58. f3 Nc6 59. Ra4 Ne5 60.
Rf1 Nd3 61. Ra5 Rc6 62. f4 Nxf4 63. Kf3 Rc3+ 64. Ke4 Re2+ 65. Kd4 Rd3+ 66. Kc4
Re4+ 0-1

[Event "Festival fermé Condom 2017"]
[Site "?"]
[Date "2017.07.12"]
[Round "6"]
[White "LAURENT-PAOLI, Pierre"]
[Black "GRISHCHENKO, Sergey"]
[Result "0-1"]
[WhiteElo "2290"]
[BlackElo "2439"]
[PlyCount "128"]
[EventDate "2017.??.??"]
[SourceDate "2017.07.13"]
[SourceVersionDate "2017.07.13"]

1. e4 c6 2. d4 d5 3. e5 c5 4. dxc5 e6 5. a3 Bxc5 6. Nf3 Ne7 7. Bd3 Ng6 8. O-O
Nc6 9. b4 Bb6 10. Bb2 a6 11. c4 O-O 12. Re1 Nce7 13. Nc3 dxc4 14. Bxc4 Bd7 15.
Ne4 Bc6 16. Qb3 Nf5 17. g3 Bc7 18. a4 b5 19. axb5 axb5 20. Bf1 Rxa1 21. Bxa1
Qa8 22. Qc2 Bb6 23. Bg2 Rd8 24. Nfd2 Bd5 25. Bb2 Nd4 26. Bxd4 Bxd4 27. Nf3 Bxe5
28. Nxe5 Nxe5 29. Qc3 Nc4 30. Rd1 Rc8 31. Ra1 Qc6 32. f3 Bxe4 33. fxe4 Rd8 34.
Kh1 e5 35. h3 h6 36. Rf1 Qd6 37. Kh2 Qd3 38. Qxd3 Rxd3 39. Rb1 Rd4 40. Kg1 Nd6
41. Bf1 Nxe4 42. Re1 Nd2 43. Bg2 e4 44. Kf2 Rxb4 45. Ke3 Rb2 46. Bxe4 Nxe4 47.
Kxe4 g5 48. Kf5 Kg7 49. h4 Rf2+ 50. Kg4 Kg6 51. hxg5 hxg5 52. Kh3 f5 53. Re6+
Kh5 54. g4+ fxg4+ 55. Kg3 Rf3+ 56. Kg2 b4 57. Rc6 Rc3 58. Rd6 b3 59. Rb6 g3 60.
Rb4 g4 61. Rb5+ Kg6 62. Kg1 Kf6 63. Kg2 Ke6 64. Rg5 Kd6 0-1

[Event "Festival fermé Condom 2017"]
[Site "?"]
[Date "2017.07.14"]
[Round "8"]
[White "BISSIERES, Matthieu"]
[Black "KUKOV, Velislav"]
[Result "1/2-1/2"]
[WhiteElo "2367"]
[BlackElo "2386"]
[PlyCount "51"]
[EventDate "2017.??.??"]
[SourceDate "2017.07.14"]
[SourceVersionDate "2017.07.14"]

1. e4 d5 2. exd5 Qxd5 3. Nc3 Qd8 4. d4 Nf6 5. Bc4 a6 6. Nf3 e6 7. Qe2 Be7 8.
Bg5 b5 9. Bd3 Bb7 10. O-O O-O 11. Rad1 Nbd7 12. Rfe1 b4 13. Ne4 Bxe4 14. Bxe4
Nxe4 15. Bxe7 Qxe7 16. Qxe4 Nf6 17. Qh4 Rfd8 18. Ne5 Rd5 19. Re3 h6 20. Rf3 Re8
21. Rdd3 c5 22. Rg3 Kf8 23. h3 cxd4 24. Nc6 Qc5 25. Nxd4 Rh5 26. Nb3 1/2-1/2

[Event "Festival fermé Condom 2017"]
[Site "?"]
[Date "2017.07.14"]
[Round "8"]
[White "IWANESKO, Alexandre"]
[Black "GRISHCHENKO, Sergey"]
[Result "1/2-1/2"]
[WhiteElo "2232"]
[BlackElo "2439"]
[PlyCount "65"]
[EventDate "2017.??.??"]
[SourceDate "2017.07.14"]
[SourceVersionDate "2017.07.14"]

1. e4 c6 2. d4 d5 3. Nc3 dxe4 4. Nxe4 Nf6 5. Nxf6+ gxf6 6. Ne2 h5 7. h4 Bg4 8.
Be3 Nd7 9. Qd3 e6 10. O-O-O Qa5 11. Qb3 O-O-O 12. f3 Bf5 13. Ng3 Bg6 14. Ne4
Be7 15. Bc4 Qc7 16. Rhe1 Nb6 17. Bf1 Nd5 18. Bg1 f5 19. Ng5 Qf4+ 20. Kb1 Qxh4
21. Nh3 f4 22. Re5 Qf6 23. Qa4 Kb8 24. Bd3 Rhg8 25. Re2 Bf5 26. a3 Ne3 27. d5
Bxd3 28. Rxd3 exd5 29. Nxf4 d4 30. Nxh5 Qg5 31. Rxd4 Bc5 32. Bxe3 Qxh5 33.
Rxd8+ 1/2-1/2

[Event "Tournoi fermé Condom 2017"]
[Site "?"]
[Date "2017.07.15"]
[Round "9"]
[White "BRIH, Said"]
[Black "DEL REY, Diego"]
[Result "1/2-1/2"]
[WhiteElo "2316"]
[BlackElo "2349"]
[PlyCount "31"]
[SourceDate "2017.07.15"]
[SourceVersionDate "2017.07.15"]

1. e4 e5 2. Nf3 Nf6 3. Nc3 d6 4. Bc4 Be7 5. d3 O-O 6. h3 Be6 7. Bb3 Bxb3 8.
axb3 Nbd7 9. O-O c6 10. Ne2 Re8 11. Ng3 d5 12. Qe2 dxe4 13. dxe4 Bf8 14. Nh2
Qc7 15. Ng4 Nxg4 16. Qxg4 1/2-1/2

[Event "Tournoi fermé Condom 2017"]
[Site "?"]
[Date "2017.07.15"]
[Round "9"]
[White "GRISHCHENKO, Sergey"]
[Black "BOGDANOV, Egor"]
[Result "1/2-1/2"]
[WhiteElo "2439"]
[BlackElo "2292"]
[PlyCount "23"]
[SourceDate "2017.07.15"]
[SourceVersionDate "2017.07.15"]

1. d4 Nf6 2. c4 g6 3. Nc3 Bg7 4. e4 d6 5. Nf3 O-O 6. Be2 e5 7. dxe5 dxe5 8.
Qxd8 Rxd8 9. Bg5 c6 10. Nxe5 Re8 11. O-O-O Na6 12. Nf3 1/2-1/2